Surgical foundations : essentials of surgical oncology / (Record no. 5962)
[ view plain ]
| 000 -LEADER | |
|---|---|
| fixed length control field | 00533nam a2200145Ia 4500 |
| 020 ## - INTERNATIONAL STANDARD BOOK NUMBER | |
| International Standard Book Number | 9780815143857 |
| 082 ## - DEWEY DECIMAL CLASSIFICATION NUMBER | |
| Classification number | 616.994059 |
| Author Mark | SAB |
| 100 ## - MAIN ENTRY--PERSONAL NAME | |
| Author Name | Sabel,Michael S. |
| 245 #0 - TITLE STATEMENT | |
| Title | Surgical foundations : essentials of surgical oncology / |
| 260 ## - PUBLICATION, DISTRIBUTION, ETC. | |
| Place of publication, distribution, etc. | Philadelphia |
| Name of publisher, distributor, etc. | Mosby Elsevier |
| Date of publication, distribution, etc. | 2007 |
| 300 ## - PHYSICAL DESCRIPTION | |
| No of Pages | 464 |
| illustrations | ill |
| Dimensions | 25cm |
| 504 ## - BIBLIOGRAPHY, ETC. NOTE | |
| Bibliography, Index, etc. note | include:index |
| 650 ## - SUBJECT ADDED ENTRY--TOPICAL TERM | |
| Subject | 1-Neoplasm-Surgery 2-Oncology-Surgical tecniques |
| Keywords | principles of surgical therapy. principles of radiation therapy, invasive breast cancer |
| 942 ## - ADDED ENTRY ELEMENTS (KOHA) | |
| Koha item type | Books |
| Source of classification or shelving scheme | |
| Item status | Home library | Current library | Shelving location | Date acquired | Total Checkouts | Full call number | Barcode | Date last seen | Koha item type |
|---|---|---|---|---|---|---|---|---|---|
| Islamabad Medical and Dental College | Islamabad Medical and Dental College | Islamabad Medical and Dental College | 16/03/2018 | 616.994059 SAB | 7714 | 16/03/2018 | Books |
